| 000 | 00943cab a2200265 4500 | ||
|---|---|---|---|
| 001 | ABS60017 | ||
| 008 | 090401t1999 xxu||||| |||| 00| 0 eng d | ||
| 035 | _a(Sirsi) u90750 | ||
| 041 | _aeng | ||
| 100 | _aJohnston, B. | ||
| 245 | 4 | _aThe region shaping things to come | |
| 260 | _c1999 | ||
| 350 | _a0 | ||
| 490 |
_aPlanning (for the Natural and Built Environment) _v(1301) 15 January 1999, 14-16(3) |
||
| 520 | _aFocuses on the West Midlands region, looking at planning in the region, including the forthcoming West Midlands Regional Development Agency and a possible review of RPG11, which promoted the idea of urban extensions along public transport corridors. | ||
| 650 | _aBIRMINGHAM | ||
| 650 | _aPLANNING POLICY | ||
| 650 | _aREGIONAL DEVELOPMENT AGENCIES | ||
| 650 | _aRPG11 | ||
| 650 | _aTRANSPORT CORRIDORS | ||
| 650 | _aWEST MIDLANDS | ||
| 690 | _aPLANNING LAW AND PRACTICE | ||
| 942 | _n0 | ||
| 948 | _c18/01/1999 | ||
| 999 |
_c57548 _d57548 |
||